Ekocentrum 2007 : sborník semináře = proceedings : Vysoké učení technické v Brně, Fakulta strojního inženýrství, Ústav materiálových věd a inženýrství, 25.-26.9.2007 Brno /

Korporativní autor: Vysoké učení technické v Brně. Ústav materiálových věd a inženýrství
Další autoři: Ekocentrum (seminář), Mazal, Pavel, 1955-, Liškutín, Petr, Ekocentrum aplikovaného výzkumu neželezných kovů (projekt)
Jazyk: Slovenština
Čeština
Angličtina
Vydáno: Brno : Akademické nakladatelství CERM, 2007
Vydání: Vyd. 1.
Témata:
Externí odkaz: Digitalizovaný dokument
Fyzický popis: 118 s. : il. ; 25 cm
Language note: Část. anglický a slovenský text, anglická resumé
Knihy
Uloženo v:
LEADER 02402nam a2200565 a 4500
001 nkc20081785179
003 CZ PrNK
005 20080530094345.0
007 ta
008 080115s2007 xr a f 100 0 cze
015 |a cnb001785179 
020 |a 978-80-7204-541-9  |q (brož.) 
035 |a (OCoLC)228604290 
040 |a ABA001  |b cze 
041 0 |a cze  |a eng  |a slo  |b eng 
072 7 |a 669  |x Metalurgie  |2 Konspekt  |9 19 
080 |a 669.018  |2 MRF 
080 |a 620.2-034  |2 MRF 
080 |a 669.2/.8  |2 MRF 
080 |a 669.055  |2 MRF 
080 |a (062.534)  |2 MRF 
111 2 |a Ekocentrum (seminář)  |d (2007 :  |c Brno, Česko)  |7 kn20080128006 
245 1 0 |a Ekocentrum 2007 :  |b sborník semináře = proceedings : Vysoké učení technické v Brně, Fakulta strojního inženýrství, Ústav materiálových věd a inženýrství, 25.-26.9.2007 Brno /  |c edited by Pavel Mazal and Petr Liškutín 
250 |a Vyd. 1. 
260 |a Brno :  |b Akademické nakladatelství CERM,  |c 2007 
300 |a 118 s. :  |b il. ;  |c 25 cm 
500 |a Nad názvem: Ekocentrum aplikovaného výzkumu neželezných kovů 
500 |a 80 výt. 
504 |a Obsahuje bibliografie a bibliografické odkazy 
546 |a Část. anglický a slovenský text, anglická resumé 
650 0 7 |a kovové materiály  |7 ph121911  |2 czenas 
650 0 7 |a neželezné kovy  |7 ph115449  |2 czenas 
650 0 7 |a slitiny  |7 ph125638  |2 czenas 
650 0 9 |a metal materials  |2 eczenas 
650 0 9 |a nonferrous metals  |2 eczenas 
650 0 9 |a alloys  |2 eczenas 
655 7 |a sborníky konferencí  |7 fd133333  |2 czenas 
655 9 |a proceedings of conferences  |2 eczenas 
700 1 |a Mazal, Pavel,  |d 1955-  |7 ola2003204910  |4 edt 
700 1 |a Liškutín, Petr  |7 ola2005298269  |4 edt 
710 2 |a Vysoké učení technické v Brně.  |b Ústav materiálových věd a inženýrství  |7 mzk2005304588 
710 2 |a Ekocentrum aplikovaného výzkumu neželezných kovů (projekt)  |7 kn20080128007 
856 4 1 |u http://www.digitalniknihovna.cz/mzk/uuid/uuid:c5145230-048b-11ea-a20e-005056827e51  |y Digitalizovaný dokument  |x NDK 
910 2 |a BOA001  |b 3-1198.425 
928 9 |a CERM 
990 |a BK 
995 |a 01 
991 |b 200802  |c NOV 
996 6 |b 2610332777  |c 3-1198.425  |l MZK  |r Sklad / do 1 hodiny  |n 0  |p p.v.  |w 000885220  |u 000010  |a 1  |e BOA001  |j MZK50  |s P 
996 7 |b 2610332778  |c 3-1198.425  |l MZK  |r Sklad / do 1 hodiny  |n 2  |p p.v.  |w 000885220  |u 000020  |a 1  |e BOA001  |j MZK50  |s A